[Event "Akureyri Icelandic op"]
[Site "Akureyri"]
[Date "2019.05.31"]
[Round "8"]
[White "Thorhallsson, Gylfi"]
[Black "Hardarson, Petur Palmi"]
[Result "0-1"]
[WhiteElo "2039"]
[BlackElo "1847"]
[PlyCount "158"]
[EventDate "2019.05.25"]
[EventType "swiss"]
[EventRounds "9"]
[EventCountry "ISL"]
[SourceTitle "CBM 190 Extra"]
[Source "ChessBase"]
[SourceDate "2019.07.15"]
[SourceVersion "1"]
[SourceVersionDate "2019.07.15"]
[SourceQuality "1"]

1. e4 c5 2. Nf3 d6 3. d4 cxd4 4. Nxd4 Nf6 5. Nc3 a6 6. Be2 e5 7. Nb3 Be7 8. 0-0 0-0 9. f4 b5 10. a3 Bb7 11. Bf3 Nbd7 12. Qe1 Rc8 13. Be3 Re8 14. Rd1 exf4 15. Bxf4 Qc7 16. Qg3 Ne5 17. Nd4 Bf8 18. Nf5 Nxf3+ 19. Rxf3 Nxe4 20. Qh4 Nxc3 21. Rxc3 Qb6+ 22. Be3 Qd8 23. Bg5 Qb6+ 24. Be3 Rxe3 25. Rxe3 Rxc2 26. Nd4 Rxg2+ 27. Kf1 Rxb2 28. Re8 Bc6 29. Qd8 Qxd8 30. Rxd8 Be4 31. Re1 Rb1 32. Rxb1 Bxb1 33. Ra8 g6 34. Ke2 Ba2 35. Rxa6 b4 36. Ra8 Bd5 37. Ra4 bxa3 38. Rxa3 Kg7 39. Ke3 Be7 40. Ra6 Bg5+ 41. Kf2 Bf4 42. h3 Kf6 43. Nb5 Bc4 44. Rb6 Be5 45. Ke3 Ke6 46. Nd4+ Kd5 47. Nf3 h5 48. Rb7 Ke6 49. Ng5+ Kf6 50. Ne4+ Kf5 51. Rc7 Bd5 52. Nc3 Be6 53. Ne2 Kf6 54. Ng1 h4 55. Ra7 g5 56. Ra4 d5 57. Ra6 Kg7 58. Ra3 Bd6 59. Rc3 Kf6 60. Rc6 Bf4+ 61. Kd4 Ke7 62. Ra6 f6 63. Ra7+ Kd6 64. Ra6+ Kd7 65. Ra7+ Bc7 66. Kc5 g4 67. hxg4 Bxg4 68. Ra4 h3 69. Rxg4 h2 70. Rg7+ Ke8 71. Ne2 h1Q 72. Rxc7 Qh2 73. Rc6 Qxe2 74. Kxd5 Kf7 75. Rc4 Qe6+ 76. Kd4 Kg6 77. Kd3 f5 78. Rd4 Kg5 79. Rc4 f4 0-1

[Event "Akureyri Icelandic op"]
[Site "Akureyri"]
[Date "2019.05.26"]
[Round "3"]
[White "Thorhallsson, Gylfi"]
[Black "Danielsson, Sigurdur G"]
[Result "1-0"]
[WhiteElo "2039"]
[BlackElo "1727"]
[PlyCount "87"]
[EventDate "2019.05.25"]
[EventType "swiss"]
[EventRounds "9"]
[EventCountry "ISL"]
[SourceTitle "CBM 190 Extra"]
[Source "ChessBase"]
[SourceDate "2019.07.15"]
[SourceVersion "1"]
[SourceVersionDate "2019.07.15"]
[SourceQuality "1"]

1. e4 c5 2. Nf3 e6 3. d4 cxd4 4. Nxd4 Nc6 5. a3 Nf6 6. Nc3 Bc5 7. Nb3 Be7 8. Be2 a6 9. 0-0 h5 10. Be3 h4 11. h3 d5 12. exd5 Nxd5 13. Nxd5 Qxd5 14. Qxd5 exd5 15. Rad1 Be6 16. f4 Bf5 17. Bd3 Bxd3 18. Rxd3 0-0-0 19. Rfd1 Rh5 20. Bb6 Rd7 21. c4 Bf6 22. cxd5 Ne7 23. d6 Nc6 24. Nc5 Bxb2 25. Re1 Bf6 26. Re8+ Bd8 27. Rg8 g6 28. Kf2 Rf5 29. Ke3 Rf6 30. Nxd7 Kxd7 31. Bxd8 Nxd8 32. Rh8 Ne6 33. Rxh4 b5 34. g3 Nc5 35. Rd1 a5 36. Rh8 Re6+ 37. Kf3 b4 38. Rf8 Rxd6 39. Rxf7+ Kc6 40. Rxd6+ Kxd6 41. axb4 axb4 42. Rf6+ Kc7 43. Ke2 b3 44. Kd1 1-0

[Event "Akureyri Icelandic op"]
[Site "Akureyri"]
[Date "2019.05.25"]
[Round "1"]
[White "Stefansson, Benedikt"]
[Black "Thorhallsson, Gylfi"]
[Result "1/2-1/2"]
[WhiteElo "1423"]
[BlackElo "2039"]
[PlyCount "98"]
[EventDate "2019.05.25"]
[EventType "swiss"]
[EventRounds "9"]
[EventCountry "ISL"]
[SourceTitle "CBM 190 Extra"]
[Source "ChessBase"]
[SourceDate "2019.07.15"]
[SourceVersion "1"]
[SourceVersionDate "2019.07.15"]
[SourceQuality "1"]

1. e4 e5 2. Nf3 Nc6 3. Bc4 Nf6 4. d3 Bc5 5. c3 d6 6. Nbd2 Bg4 7. 0-0 Qd7 8. Re1 0-0-0 9. Nf1 h5 10. b4 Bb6 11. Be3 Rdg8 12. a4 g5 13. Bxb6 axb6 14. Ne3 h4 15. Bb5 Bh5 16. Nd5 Qd8 17. a5 bxa5 18. Qa4 Nb8 19. Qxa5 Bxf3 20. Qa8 Nxd5 21. Ra7 Qf6 22. Qxb7+ Kd8 23. exd5 Ke7 24. Qxc7+ Kf8 25. gxf3 Kg7 26. Qe7 Qxf3 27. Qxd6 Rh6 28. Qxe5+ Rf6 29. Qe3 Qxd5 30. Bc4 Qc6 31. b5 Qc8 32. Kh1 Qf5 33. Rg1 Kh6 34. b6 Nc6 35. Rc7 Re8 36. Qd2 Re5 37. d4 Qf3+ 38. Rg2 h3 39. Bf1 Rb5 40. Kg1 hxg2 41. Bxb5 Nd8 42. Qe3 Qd1+ 43. Kxg2 Ne6 44. Be2 Qe1 45. Rc6 Nf4+ 46. Qxf4 gxf4 47. Rxf6+ Kg5 48. b7 Qxe2 49. b8Q Qg4+ 1/2-1/2

[Event "Reykjavik op"]
[Site "Reykjavik"]
[Date "2017.04.21"]
[Round "4"]
[White "Thorhallsson, Gylfi"]
[Black "Karavade, Eesha"]
[Result "0-1"]
[WhiteElo "2070"]
[BlackElo "2405"]
[PlyCount "74"]
[EventDate "2017.04.19"]
[EventType "swiss"]
[EventRounds "10"]
[EventCountry "ISL"]
[SourceTitle "CBM 178 Extra"]
[Source "ChessBase"]
[SourceDate "2017.06.22"]
[SourceVersion "1"]
[SourceVersionDate "2017.06.22"]
[SourceQuality "1"]

1. e4 c5 2. Nf3 d6 3. d4 cxd4 4. Nxd4 Nf6 5. Nc3 a6 6. Bc4 e6 7. Bb3 b5 8. 0-0 Be7 9. Qf3 Qb6 10. Be3 Qb7 11. Rfe1 b4 12. Na4 Nbd7 13. Bg5 0-0 14. Rad1 Ne5 15. Qh3 Ng6 16. Qe3 h6 17. Bxf6 Bxf6 18. Nf3 Rd8 19. Nb6 Rb8 20. Nxc8 Qxc8 21. Rd3 Bxb2 22. Red1 Qc7 23. h4 a5 24. h5 Nf8 25. Ba4 Qc4 26. Rxd6 Rxd6 27. Rxd6 Qxa2 28. Bb3 Qa1+ 29. Qe1 Qa3 30. Ra6 Rd8 31. Qf1 Bc3 32. Kh2 Rc8 33. Qb5 Qc1 34. g3 Nh7 35. Qd7 Rf8 36. Rxa5 Qf1 37. Qa7 Nf6 0-1

[Event "ISL-chT2 1617"]
[Site "Reykjavik"]
[Date "2016.09.30"]
[Round "1.1"]
[White "Sigurdsson, Snorri Thor"]
[Black "Thorhallsson, Gylfi"]
[Result "0-1"]
[WhiteElo "1972"]
[BlackElo "2042"]
[PlyCount "73"]
[EventDate "2016.09.30"]
[EventType "team-tourn"]
[EventRounds "7"]
[EventCountry "ISL"]
[SourceTitle "EXT 2018"]
[Source "ChessBase"]
[SourceDate "2017.10.13"]
[SourceVersion "1"]
[SourceVersionDate "2017.10.13"]
[SourceQuality "1"]
[WhiteTeam "Huginn III"]
[BlackTeam "Akureyri II"]
[WhiteTeamCountry "ISL"]
[BlackTeamCountry "ISL"]

1. d4 Nf6 2. Bf4 e6 3. e3 c5 4. c3 d5 5. Nf3 Nc6 6. Nbd2 Be7 7. h3 0-0 8. Bd3 Bd7 9. 0-0 Rc8 10. Re1 a6 11. Ne5 h6 12. Rc1 b5 13. Bb1 b4 14. Nxd7 Qxd7 15. Qa4 bxc3 16. bxc3 cxd4 17. cxd4 Bb4 18. Red1 Bxd2 19. Rxd2 Nxd4 20. Qd1 Rxc1 21. Qxc1 Rc8 22. Qb2 Nc6 23. Bd3 a5 24. Bxh6 Rb8 25. Qa1 Qd6 26. Bg5 Nd7 27. f4 Qc5 28. Qe1 Qc3 29. Qe2 Nb4 30. Bb1 a4 31. f5 Nc6 32. Bd3 Nce5 33. Bf4 a3 34. Bb5 Rxb5 35. Qxb5 Qxd2 36. fxe6 fxe6 37. Kh2 0-1

[Event "Reykjavik op"]
[Site "Reykjavik"]
[Date "2016.03.13"]
[Round "7"]
[White "Thorhallsson, Gylfi"]
[Black "Mai, Alexander Oliver"]
[Result "1-0"]
[WhiteElo "2089"]
[BlackElo "1558"]
[PlyCount "61"]
[EventDate "2016.03.08"]
[EventType "swiss"]
[EventRounds "10"]
[EventCountry "ISL"]
[SourceTitle "CBM 171 Extra"]
[Source "ChessBase"]
[SourceDate "2016.04.26"]
[SourceVersion "1"]
[SourceVersionDate "2016.04.26"]
[SourceQuality "1"]

1. e4 e5 2. Nf3 Nc6 3. Bb5 a6 4. Ba4 Nf6 5. 0-0 Be7 6. Re1 b5 7. Bb3 0-0 8. a4 Bb7 9. Nc3 b4 10. Nd5 d6 11. d3 Nxd5 12. Bxd5 Na5 13. Ba2 c5 14. c3 Nc6 15. d4 Bf6 16. dxc5 dxc5 17. Qxd8 Raxd8 18. Be3 Be7 19. Bd5 Bd6 20. cxb4 cxb4 21. Rac1 Rc8 22. Red1 Na5 23. Bxf7+ Kxf7 24. Rxc8 Rxc8 25. Rxd6 Bxe4 26. Ng5+ Ke7 27. Nxe4 Rc4 28. Rxa6 Nb3 29. f3 Rc2 30. Rb6 Re2 31. Bg5+ 1-0

[Event "Reykjavik op"]
[Site "Reykjavik"]
[Date "2016.03.12"]
[Round "6"]
[White "Lind, Jan Olov"]
[Black "Thorhallsson, Gylfi"]
[Result "1-0"]
[WhiteElo "2234"]
[BlackElo "2089"]
[PlyCount "127"]
[EventDate "2016.03.08"]
[EventType "swiss"]
[EventRounds "10"]
[EventCountry "ISL"]
[SourceTitle "CBM 171 Extra"]
[Source "ChessBase"]
[SourceDate "2016.04.26"]
[SourceVersion "1"]
[SourceVersionDate "2016.04.26"]
[SourceQuality "1"]

1. e4 c5 2. Nf3 Nc6 3. d3 d6 4. g3 e6 5. Bg2 Be7 6. c3 Nf6 7. 0-0 0-0 8. Re1 Qc7 9. d4 cxd4 10. cxd4 b5 11. d5 exd5 12. exd5 Nb4 13. Nc3 Rb8 14. Nd4 Bg4 15. Qd2 Rfe8 16. a3 Na6 17. Ncxb5 Qd7 18. Nc3 Bf8 19. Rxe8 Rxe8 20. b4 Nc7 21. Bb2 Bh3 22. Bh1 Ng4 23. Nc6 g6 24. Re1 Bg7 25. Rxe8+ Qxe8 26. Bf3 Ne5 27. Nxe5 Qxe5 28. Qe3 h5 29. Nd1 Qxe3 30. fxe3 Bd7 31. Kf2 Ba4 32. Bxg7 Kxg7 33. Nc3 Bb3 34. e4 Kf6 35. Ke3 Ke5 36. a4 Na6 37. b5 Nc5 38. a5 Bc4 39. a6 Nd7 40. Be2 Nb6 41. Bxc4 Nxc4+ 42. Kd3 Nb2+ 43. Kc2 Nc4 44. Kb3 Nb6 45. Na4 Nc8 46. Nc3 Kd4 47. Kb4 g5 48. Kb3 Nb6 49. Na4 Nc8 50. b6 axb6 51. Kb4 Kxe4 52. Kb5 f5 53. Kc6 f4 54. gxf4 gxf4 55. Nb2 Ke3 56. Kb7 Ke2 57. Kxc8 f3 58. a7 f2 59. a8Q f1Q 60. Qa6+ Ke1 61. Qxf1+ Kxf1 62. Nc4 Kg2 63. Nxd6 Kxh2 64. Nc4 1-0

[Event "ISL-chT 1516"]
[Site "Reykjavik"]
[Date "2016.03.05"]
[Round "8.1"]
[White "Korley, Kassa"]
[Black "Thorhallsson, Gylfi"]
[Result "1-0"]
[WhiteElo "2409"]
[BlackElo "2080"]
[PlyCount "65"]
[EventDate "2015.09.24"]
[EventType "team-tourn"]
[EventRounds "9"]
[EventCountry "ISL"]
[SourceTitle "EXT 2017"]
[Source "ChessBase"]
[SourceDate "2016.10.25"]
[SourceVersion "1"]
[SourceVersionDate "2016.10.25"]
[SourceQuality "1"]
[WhiteTeam "KR CC"]
[BlackTeam "Akureyri II"]
[WhiteTeamCountry "ISL"]
[BlackTeamCountry "ISL"]

1. d4 Nf6 2. Nf3 e6 3. e3 b6 4. Be2 Bb7 5. 0-0 Be7 6. c4 0-0 7. Nc3 d6 8. b3 Ne4 9. Nxe4 Bxe4 10. Nd2 Bb7 11. Bb2 Nd7 12. Bf3 Bxf3 13. Qxf3 c5 14. Rfd1 f5 15. Nb1 Bf6 16. Nc3 cxd4 17. exd4 a6 18. Qc6 Be7 19. Re1 Rf6 20. Nd5 exd5 21. Rxe7 Qxe7 22. Qxa8+ Rf8 23. Qxd5+ Kh8 24. Ba3 Re8 25. h3 Nf6 26. Qxf5 Qe2 27. Bxd6 Qb2 28. Rf1 Qxa2 29. Be5 Qxb3 30. Rb1 Qxc4 31. Bxf6 gxf6 32. Qxf6+ Kg8 33. Qxb6 1-0

[Event "ISL-chT 1516"]
[Site "Reykjavik"]
[Date "2015.09.26"]
[Round "4.3"]
[White "Thorhallsson, Gylfi"]
[Black "Steingrimsson, Hedinn"]
[Result "0-1"]
[WhiteElo "2080"]
[BlackElo "2559"]
[PlyCount "62"]
[EventDate "2015.09.24"]
[EventType "team-tourn"]
[EventRounds "9"]
[EventCountry "ISL"]
[SourceTitle "EXT 2017"]
[Source "ChessBase"]
[SourceDate "2016.10.25"]
[SourceVersion "1"]
[SourceVersionDate "2016.10.25"]
[SourceQuality "1"]
[WhiteTeam "Akureyri II"]
[BlackTeam "Fjolnir"]
[WhiteTeamCountry "ISL"]
[BlackTeamCountry "ISL"]

1. e4 c5 2. Nf3 d6 3. d4 cxd4 4. Nxd4 Nf6 5. Nc3 a6 6. Be2 e5 7. Nb3 Be7 8. 0-0 0-0 9. f4 b5 10. Bd3 Bb7 11. Qf3 Nbd7 12. f5 b4 13. Ne2 d5 14. Ng3 a5 15. Bg5 dxe4 16. Nxe4 Nxe4 17. Bxe7 Qxe7 18. Bxe4 Bxe4 19. Qxe4 Nf6 20. Qe3 Rfc8 21. Rac1 a4 22. Nd2 a3 23. b3 Rc3 24. Qf2 e4 25. Nc4 e3 26. Qe2 Rd8 27. Rcd1 h6 28. Rxd8+ Qxd8 29. Rf3 Qd4 30. Kf1 Nd5 31. g3 Qe4 0-1

[Event "ISL-chT 1415"]
[Site "Reykjavik"]
[Date "2015.03.21"]
[Round "8.4"]
[White "Thorhallsson, Throstur"]
[Black "Thorhallsson, Gylfi"]
[Result "1-0"]
[WhiteElo "2430"]
[BlackElo "2121"]
[PlyCount "41"]
[EventDate "2014.10.02"]
[EventType "team-tourn"]
[EventRounds "9"]
[EventCountry "ISL"]
[SourceTitle "EXT 2016"]
[Source "ChessBase"]
[SourceDate "2015.10.08"]
[SourceVersion "1"]
[SourceVersionDate "2015.10.08"]
[SourceQuality "1"]
[WhiteTeam "Huginn"]
[BlackTeam "Akureyri"]
[WhiteTeamCountry "ISL"]
[BlackTeamCountry "ISL"]

1. e4 c5 2. Nf3 d6 3. d4 cxd4 4. Nxd4 Nf6 5. Nc3 a6 6. h3 Qc7 7. g4 e5 8. Nf5 Bxf5 9. exf5 h6 10. Bg2 Nbd7 11. Be3 0-0-0 12. 0-0 Nb6 13. Bxb6 Qxb6 14. Bd5 Rd7 15. Qf3 Kb8 16. a4 Nxd5 17. Nxd5 Qc6 18. Ra3 Be7 19. Rc3 Qxa4 20. Nb6 e4 21. Qe2 1-0

[Event "ISL-chT 1415"]
[Site "Reykjavik"]
[Date "2015.03.20"]
[Round "7.3"]
[White "Thorhallsson, Gylfi"]
[Black "Sigurjonsson, Stefan Thor"]
[Result "1/2-1/2"]
[WhiteElo "2121"]
[BlackElo "2143"]
[PlyCount "34"]
[EventDate "2014.10.02"]
[EventType "team-tourn"]
[EventRounds "9"]
[EventCountry "ISL"]
[SourceTitle "EXT 2016"]
[Source "ChessBase"]
[SourceDate "2015.10.08"]
[SourceVersion "1"]
[SourceVersionDate "2015.10.08"]
[SourceQuality "1"]
[WhiteTeam "Akureyri"]
[BlackTeam "Vikingaklubburinn"]
[WhiteTeamCountry "ISL"]
[BlackTeamCountry "ISL"]

1. e4 e6 2. d4 d5 3. Nd2 c5 4. exd5 exd5 5. Ngf3 Nf6 6. Bb5+ Bd7 7. Qe2+ Be7 8. dxc5 0-0 9. 0-0 Bxc5 10. Nb3 Qb6 11. Bxd7 Nbxd7 12. Nxc5 Nxc5 13. Be3 Nfe4 14. c3 f5 15. Rfd1 Rad8 16. Qc2 Qc7 17. Bxc5 Qxc5 1/2-1/2

[Event "Reykjavik op"]
[Site "Reykjavik"]
[Date "2015.03.17"]
[Round "9"]
[White "Thorhallsson, Gylfi"]
[Black "Hauge, Lars Oskar"]
[Result "0-1"]
[WhiteElo "2084"]
[BlackElo "2380"]
[PlyCount "128"]
[EventDate "2015.03.10"]
[EventType "swiss"]
[EventRounds "10"]
[EventCountry "ISL"]
[SourceTitle "CBM 165 Extra"]
[Source "ChessBase"]
[SourceDate "2015.04.21"]
[SourceVersion "1"]
[SourceVersionDate "2015.04.21"]
[SourceQuality "1"]

1. e4 c5 2. Nf3 a6 3. a3 e6 4. d4 cxd4 5. Nxd4 Qc7 6. Nc3 Nf6 7. Be2 Nc6 8. Be3 b5 9. 0-0 Bb7 10. f4 d6 11. Nxc6 Bxc6 12. Bd3 Be7 13. Qf3 g6 14. Rae1 0-0 15. Kh1 Nd7 16. Ne2 Bb7 17. c3 Bf6 18. Bd4 Qd8 19. Bxf6 Qxf6 20. Qg3 Nc5 21. e5 Qd8 22. Bb1 Bd5 23. f5 exf5 24. Nf4 Be4 25. Bxe4 Nxe4 26. Rxe4 fxe4 27. Nd5 f5 28. exf6 Ra7 29. Qe3 Raf7 30. Qxe4 Qe8 31. Re1 Qxe4 32. Rxe4 Rd7 33. g4 Kf7 34. g5 h6 35. h4 hxg5 36. hxg5 Rh8+ 37. Kg2 Rh5 38. Rg4 Rd8 39. Kf3 Re8 40. Ne7 Reh8 41. Rg1 Rh1 42. Rg4 R8h4 43. Rxh4 Rxh4 44. Nd5 Rh2 45. b4 Rh4 46. Nf4 Rh1 47. Nd5 Ra1 48. Ke4 Rxa3 49. Kd4 Ra1 50. Ke4 Re1+ 51. Kf4 Rh1 52. Nc7 Rh4+ 53. Ke3 Rc4 54. Nxa6 Rxc3+ 55. Kd4 Rg3 56. Kd5 Rxg5+ 57. Kxd6 Kxf6 58. Kc6 Rf5 59. Nc5 g5 60. Kxb5 Ke5 61. Kc6 Rf6+ 62. Kc7 Kd5 63. Nd7 Rf7 64. Kc8 Rxd7 0-1

[Event "ISL-chT 1415"]
[Site "Reykjavik"]
[Date "2014.10.03"]
[Round "2.1"]
[White "Gunnarsson, Arnar"]
[Black "Thorhallsson, Gylfi"]
[Result "1-0"]
[WhiteElo "2435"]
[BlackElo "2121"]
[PlyCount "107"]
[EventDate "2014.10.02"]
[EventType "team-tourn"]
[EventRounds "9"]
[EventCountry "ISL"]
[SourceTitle "EXT 2015"]
[Source "ChessBase"]
[SourceDate "2014.11.20"]
[SourceVersion "1"]
[SourceVersionDate "2014.11.20"]
[SourceQuality "1"]
[WhiteTeam "Reykjavik Taflfelag"]
[BlackTeam "Akureyri"]
[WhiteTeamCountry "ISL"]
[BlackTeamCountry "ISL"]

1. c4 Nf6 2. Nc3 e6 3. e4 d5 4. cxd5 exd5 5. e5 d4 6. exf6 dxc3 7. Bb5+ c6 8. Qe2+ Be6 9. Bc4 Qxf6 10. dxc3 Be7 11. Nf3 Bxc4 12. Qxc4 h6 13. Bf4 Nd7 14. 0-0-0 0-0-0 15. Bg3 Qf5 16. Rd4 Nb6 17. Rf4 Nxc4 18. Rxf5 Bf6 19. Re1 Rhe8 20. h4 Rxe1+ 21. Nxe1 Re8 22. Nc2 Re2 23. b3 Nb6 24. Kd1 Re4 25. Ne3 Kd7 26. Kd2 Nc8 27. Kd3 Re7 28. Ng4 Ke6 29. Rf3 Rd7+ 30. Kc2 Ne7 31. Nxf6 gxf6 32. Bb8 a6 33. g4 f5 34. g5 hxg5 35. hxg5 f6 36. gxf6 Nd5 37. c4 Nxf6 38. Bf4 Ne4 39. Bc1 Rh7 40. Be3 Rh1 41. a4 b5 42. cxb5 cxb5 43. a5 Ke5 44. Bb6 Rf1 45. Bc7+ Ke6 46. Bb6 Rh1 47. Rd3 Rh2 48. Rf3 Rh1 49. Re3 Rh2 50. Re2 Kd5 51. Kb2 f4 52. Rc2 f3 53. Ka3 Rh1 54. Rc7 1-0

[Event "ISL-ch sf"]
[Site "Kopavogur"]
[Date "2014.05.29"]
[Round "6"]
[White "Ragnarsson, Dagur"]
[Black "Thorhallsson, Gylfi"]
[Result "1/2-1/2"]
[WhiteElo "2129"]
[BlackElo "2132"]
[PlyCount "69"]
[EventDate "2014.05.23"]
[EventType "swiss"]
[EventRounds "9"]
[EventCountry "ISL"]
[SourceTitle "CBM 160 Extra"]
[Source "ChessBase"]
[SourceDate "2014.07.01"]
[SourceVersion "1"]
[SourceVersionDate "2014.07.01"]
[SourceQuality "1"]

1. g3 Nf6 2. Bg2 g6 3. c4 Bg7 4. Nc3 0-0 5. e4 d6 6. Nge2 e5 7. 0-0 Nc6 8. d3 Bg4 9. f3 Be6 10. Nd5 Ne7 11. Bg5 Bxd5 12. cxd5 c6 13. f4 cxd5 14. fxe5 dxe5 15. Bxf6 Qb6+ 16. d4 Bxf6 17. Qb3 Qxb3 18. axb3 Bg7 19. dxe5 Bxe5 20. exd5 Rfd8 21. Nc3 Rac8 22. Rfe1 Bf6 23. g4 Kf8 24. Red1 a6 25. d6 Nc6 26. Ne4 Bxb2 27. Ra4 Be5 28. Rd5 f5 29. gxf5 gxf5 30. Nc5 Rxd6 31. Rxd6 Bxd6 32. Nxb7 Be5 33. Rc4 Ne7 34. Rxc8+ Nxc8 35. Bf1 1/2-1/2

[Event "ISL-ch sf"]
[Site "Kopavogur"]
[Date "2014.05.26"]
[Round "4"]
[White "Bjarnason, Saevar"]
[Black "Thorhallsson, Gylfi"]
[Result "1/2-1/2"]
[WhiteElo "2075"]
[BlackElo "2132"]
[PlyCount "61"]
[EventDate "2014.05.23"]
[EventType "swiss"]
[EventRounds "9"]
[EventCountry "ISL"]
[SourceTitle "CBM 160 Extra"]
[Source "ChessBase"]
[SourceDate "2014.07.01"]
[SourceVersion "1"]
[SourceVersionDate "2014.07.01"]
[SourceQuality "1"]

1. d4 Nf6 2. c4 e6 3. g3 d5 4. Nf3 Be7 5. Bg2 0-0 6. 0-0 Nbd7 7. Qc2 c6 8. Nbd2 b6 9. b3 Bb7 10. Rd1 c5 11. dxc5 Bxc5 12. Bb2 Rc8 13. e3 dxc4 14. bxc4 Qe7 15. Nd4 Bxg2 16. Kxg2 Ne5 17. N4f3 Nxf3 18. Nxf3 h6 19. Rd3 Rfd8 20. Rad1 Ne8 21. Rxd8 Rxd8 22. Rxd8 Qxd8 23. Ne5 Nf6 24. Qd3 Qxd3 25. Nxd3 Nd7 26. Kf3 Bd6 27. h4 h5 28. Ke2 Kf8 29. e4 f6 30. Ke3 Kf7 31. Kd4 1/2-1/2

[Event "Reykjavik op"]
[Site "Reykjavik"]
[Date "2014.03.12"]
[Round "10"]
[White "Thorhallsson, Gylfi"]
[Black "Thiry, Jean Christophe"]
[Result "0-1"]
[WhiteElo "2130"]
[BlackElo "1996"]
[PlyCount "118"]
[EventDate "2014.03.04"]
[EventType "swiss"]
[EventRounds "10"]
[EventCountry "ISL"]
[SourceTitle "CBM 159 Extra"]
[Source "ChessBase"]
[SourceDate "2014.04.24"]
[SourceVersion "1"]
[SourceVersionDate "2014.04.24"]
[SourceQuality "1"]

1. e4 e5 2. Nf3 d6 3. d4 Nf6 4. Nc3 Nbd7 5. Be2 c6 6. 0-0 Be7 7. h3 0-0 8. a4 b6 9. Bg5 Bb7 10. Qd2 Qc7 11. Rad1 a6 12. Nh4 Rfe8 13. Nf5 Bf8 14. dxe5 dxe5 15. Qe3 b5 16. Qg3 Kh8 17. Bf3 Ng8 18. Rd2 Ndf6 19. Rfd1 h6 20. Qh4 Re6 21. g4 Rae8 22. Be3 Bc8 23. g5 Nh7 24. gxh6 Nxh6 25. Rd8 Nxf5 26. exf5 R6e7 27. R8d6 Bxf5 28. Bxc6 Re6 29. Rxe6 Rxe6 30. axb5 axb5 31. Rd8 Kg8 32. Bg2 Nf6 33. Rxf8+ Kxf8 34. Qh8+ Ng8 35. Qh4 f6 36. Qb4+ Kf7 37. Bd5 Kg6 38. Qb3 Ra6 39. Bxg8 Bxh3 40. Nd5 Qd7 41. Qd3+ Bf5 42. Qd1 Ra8 43. Bh7+ Kxh7 44. Qh5+ Kg8 45. Qf3 Rd8 46. c4 bxc4 47. Nc3 Kf7 48. Qh5+ Bg6 49. Qh4 Qd3 50. Qh1 Qf5 51. Qb7+ Rd7 52. Qb5 Qg4+ 53. Kh2 Bf5 54. b3 cxb3 55. Qxb3+ Be6 56. Qb8 Qh3+ 57. Kg1 Qf3 58. Qb5 Bh3 59. Qc4+ Kg6 0-1

[Event "Reykjavik op"]
[Site "Reykjavik"]
[Date "2014.03.11"]
[Round "9"]
[White "Bekker Jensen, David"]
[Black "Thorhallsson, Gylfi"]
[Result "1-0"]
[WhiteElo "2299"]
[BlackElo "2130"]
[PlyCount "81"]
[EventDate "2014.03.04"]
[EventType "swiss"]
[EventRounds "10"]
[EventCountry "ISL"]
[SourceTitle "CBM 159 Extra"]
[Source "ChessBase"]
[SourceDate "2014.04.24"]
[SourceVersion "1"]
[SourceVersionDate "2014.04.24"]
[SourceQuality "1"]

1. d4 Nf6 2. c4 e6 3. Nc3 Bb4 4. Nf3 b6 5. e3 Bb7 6. Bd3 0-0 7. 0-0 d5 8. a3 Bxc3 9. bxc3 dxc4 10. Bxc4 Nbd7 11. Qe2 c5 12. Bb2 Rc8 13. Bd3 Ne4 14. c4 Qc7 15. Rac1 Rfd8 16. Rfd1 Nf8 17. Qc2 Nf6 18. Ne5 Ng6 19. f3 cxd4 20. exd4 Nh5 21. Ng4 Nhf4 22. Bf1 Nh4 23. Ne5 Qe7 24. Qf2 Nf5 25. c5 f6 26. Nc4 Nd5 27. g4 Nh6 28. Nd6 Rc7 29. Nb5 f5 30. Nxc7 Qxc7 31. h3 Nf7 32. c6 Bxc6 33. Bb5 Ng5 34. Kh1 Nxh3 35. Qh4 fxg4 36. Rxc6 Qb8 37. Rxe6 Rf8 38. Rf1 Qf4 39. Bc4 g5 40. Qe1 g3 41. Bxd5 1-0

[Event "Reykjavik op"]
[Site "Reykjavik"]
[Date "2014.03.09"]
[Round "7"]
[White "Bjornsson, Sigurbjorn"]
[Black "Thorhallsson, Gylfi"]
[Result "0-1"]
[WhiteElo "2360"]
[BlackElo "2130"]
[PlyCount "94"]
[EventDate "2014.03.04"]
[EventType "swiss"]
[EventRounds "10"]
[EventCountry "ISL"]
[SourceTitle "CBM 159 Extra"]
[Source "ChessBase"]
[SourceDate "2014.04.24"]
[SourceVersion "1"]
[SourceVersionDate "2014.04.24"]
[SourceQuality "1"]

1. c4 Nf6 2. g3 e6 3. Bg2 d5 4. Nf3 Be7 5. 0-0 Nbd7 6. b3 c5 7. cxd5 exd5 8. d4 b6 9. Bb2 Ba6 10. Ne5 Rc8 11. Nc3 Bb7 12. Qd2 0-0 13. Nxd7 Qxd7 14. e3 Ne4 15. Nxe4 dxe4 16. Rfd1 Rfd8 17. Qe2 Qf5 18. dxc5 Bxc5 19. Rxd8+ Rxd8 20. Rd1 Rxd1+ 21. Qxd1 Qd5 22. Qg4 Bf8 23. Bf1 Qd6 24. Bd4 g6 25. h4 Bg7 26. Bxg7 Kxg7 27. h5 f5 28. Qh4 Bd5 29. h6+ Kf7 30. g4 f4 31. Qg5 fxe3 32. Qxe3 Qf6 33. g5 Qe5 34. f4 Qb2 35. Qf2 Qc3 36. f5 Qc1 37. Qg3 gxf5 38. Qe5 Qxg5+ 39. Kf2 Be6 40. Be2 Qxh6 41. Qc7+ Kg6 42. Qxa7 Qf4+ 43. Ke1 Qc1+ 44. Kf2 Qc5+ 45. Ke1 f4 46. Qb8 Qc1+ 47. Kf2 Qe3+ 0-1

[Event "Reykjavik op"]
[Site "Reykjavik"]
[Date "2014.03.04"]
[Round "1"]
[White "Finnsson, Johann Arnar"]
[Black "Thorhallsson, Gylfi"]
[Result "0-1"]
[WhiteElo "1471"]
[BlackElo "2130"]
[PlyCount "68"]
[EventDate "2014.03.04"]
[EventType "swiss"]
[EventRounds "10"]
[EventCountry "ISL"]
[SourceTitle "CBM 159 Extra"]
[Source "ChessBase"]
[SourceDate "2014.04.24"]
[SourceVersion "1"]
[SourceVersionDate "2014.04.24"]
[SourceQuality "1"]

1. e4 e5 2. Nf3 Nc6 3. Bb5 Bc5 4. c3 Nf6 5. 0-0 0-0 6. Re1 d6 7. h3 a6 8. Ba4 b5 9. Bc2 Bb6 10. d4 exd4 11. cxd4 Nb4 12. Nc3 Nxc2 13. Qxc2 h6 14. Be3 Re8 15. e5 Nh7 16. Rac1 Bb7 17. exd6 Qxd6 18. Ne5 Bxd4 19. Bxd4 Qxd4 20. Nxf7 Qf6 21. Nxh6+ Qxh6 22. Ne2 c5 23. b3 Re5 24. Ng3 Rae8 25. Qc3 Qc6 26. f3 Rxe1+ 27. Rxe1 Rxe1+ 28. Qxe1 c4 29. Kh1 Ng5 30. Nf5 Qe6 31. Qb1 Nxf3 32. gxf3 Bxf3+ 33. Kg1 Be4 34. Qd1 Qg6+ 0-1

[Event "ISL-chT 1314"]
[Site "Reykjavik"]
[Date "2014.03.01"]
[Round "8.1"]
[White "Kristinsson, Magnus"]
[Black "Thorhallsson, Gylfi"]
[Result "0-1"]
[WhiteElo "1845"]
[BlackElo "2154"]
[PlyCount "60"]
[EventDate "2013.10.10"]
[EventType "team-tourn"]
[EventRounds "9"]
[EventCountry "ISL"]
[SourceTitle "EXT 2015"]
[Source "ChessBase"]
[SourceDate "2014.11.20"]
[SourceVersion "1"]
[SourceVersionDate "2014.11.20"]
[SourceQuality "1"]
[WhiteTeam "Reykjavik II"]
[BlackTeam "Akureyri"]
[WhiteTeamCountry "ISL"]
[BlackTeamCountry "ISL"]

1. e4 e5 2. d4 exd4 3. Qxd4 Nc6 4. Qe3 d6 5. Nc3 Nf6 6. Bd2 Be7 7. 0-0-0 0-0 8. h3 a6 9. f4 b5 10. Nf3 Re8 11. Bd3 Nb4 12. Rhe1 c5 13. Kb1 Rb8 14. g4 Nxd3 15. Qxd3 c4 16. Qd4 b4 17. Nd5 Nxd5 18. exd5 c3 19. Bc1 Bf6 20. Qd3 Bd7 21. Qxa6 Rxe1 22. Rxe1 Bb5 23. Qa7 Ra8 24. Qb7 Qa5 25. a3 cxb2 26. Bxb2 Bxb2 27. Ng5 Qxa3 28. c4 Qd3+ 29. Kxb2 Qc3+ 30. Kb1 Ra1# 0-1